| 000 | 00501nas a2200193 a 4500 | ||
|---|---|---|---|
| 001 | 000037333 | ||
| 003 | DO-SdBNP | ||
| 005 | 20240917095036.0 | ||
| 007 | ta | ||
| 008 | 120327c2011 dr ur1p dd 0 0spa d | ||
| 040 |
_aDO-SdBNP _bspa _cBNPHU _erda |
||
| 043 | _anwdr | ||
| 245 | 0 | 0 |
_aSomos estrella : _bboletín interno |
| 260 |
_aSanto Domingo : _bGestión Editorial, _c2011 |
||
| 300 |
_av.- : _bilustraciones ; _c29 cm. |
||
| 310 | _aDesconocida | ||
| 362 | 1 | _aDiciembre 2011 | |
| 942 |
_2ddc _cISSUE |
||
| 999 |
_c36823 _d36823 |
||